000 00912nam a2200241 a 4500
005 20240807100945.0
008 141117t2012||||sp ||||g |||| 000 0 spa d
020 _a9502803000
041 _aspa
092 _c413
_l16
_sDIC
130 1 _aDiccionario Collins Pocket. Diccionario bilingüe.
_94172
245 _aCollins Pocket. Español - Inglés English - Espanish.
_bDiccionario bilingüe /
_cJeremy Butterfield
250 _a17a ed.
260 _aBuenos Aires:
_bGrijalbo;
_c2012.
300 _a512 p.
_c18x11 cm.
500 _aButterfield, J. (Dir.) et al. (2012). Collins Pocket. Español - Inglés English - Espanish. Diccionario bilingüe. (17a ed.). Buenos Aires : Grijalbo.
653 _aDiccionario
700 1 _aButterfield, Jeremy
_eDir.
_94173
700 1 _aNewstead, Helen
_eCol.
_94174
700 1 _aGalera, José Martín
_eCol.
_94175
700 1 _aAeppli, Emma
_eCol.
_94176
942 _2ddc
_cBK
999 _c2105
_d2105